[Event "XXXVI C.to Italiano a squadre A1 Finali"]
[Site "Penne ITA"]
[Date "2004.05.15"]
[Round "1"]
[White "Garcia Palermo, Carlos Horacio"]
[Black "Sarno, Spartaco"]
[Result "1/2-1/2"]
[WhiteElo "2444"]
[BlackElo "2401"]
[PlyCount "129"]
[EventDate "2004.05.15"]

1. d4 Nf6 2. c4 g6 3. Nc3 Bg7 4. e4 d6 5. Nf3 O-O 6. Be3 Na6 7. Be2 e5 8. d5
Ng4 9. Bg5 f6 10. Bh4 Nh6 11. O-O Qd7 12. Ne1 f5 13. Nd3 c5 14. f4 exf4 15.
Nxf4 Nc7 16. Qd2 Bd4+ 17. Kh1 Qg7 18. Bg3 fxe4 19. Nxe4 Nf5 20. Bf2 Bxb2 21.
Rab1 Be5 22. Nd3 b6 23. Nxe5 Qxe5 24. Bd3 Bd7 25. g4 Nd4 26. Bg3 Qg7 27. Bxd6
Bxg4 28. Bxf8 Rxf8 29. Rxf8+ Qxf8 30. Rf1 Bf3+ 31. Kg1 Ne8 32. Qg5 Nd6 33. Nd2
Nf7 34. Qf4 Be2 35. Qe3 Bxf1 36. Bxf1 Nh6 37. Qe5 Nhf5 38. Bh3 Qd6 39. Qe4 Kg7
40. Nf3 Nxf3+ 41. Qxf3 Nd4 42. Qe3 Qf6 43. Kg2 h5 44. Bc8 g5 45. d6 Qxd6 46.
Qxg5+ Qg6 47. Qxg6+ Kxg6 48. Kg3 Nf5+ 49. Kf4 Nd6 50. Be6 Kf6 51. Bd5 b5 52.
cxb5 Nxb5 53. Bf3 h4 54. a4 Nd4 55. Bd5 a5 56. Bc4 Nf5 57. Ke4 Nd6+ 58. Kd5
Nxc4 59. Kxc4 Kf5 60. Kxc5 Kg4 61. Kd4 Kh3 62. Ke3 Kxh2 63. Kf2 h3 64. Kf1 Kg3
65. Kg1 1/2-1/2

[Event "XXXVI C.to Italiano a squadre A1 Finali"]
[Site "Penne ITA"]
[Date "2004.05.15"]
[Round "1"]
[White "Godena, Michele"]
[Black "Passoni, Carlo"]
[Result "1-0"]
[WhiteElo "2533"]
[BlackElo "2290"]
[PlyCount "69"]
[EventDate "2004.05.15"]

1. e4 Nf6 2. e5 Nd5 3. d4 d6 4. Nf3 Bg4 5. Be2 e6 6. O-O Bxf3 7. Bxf3 dxe5 8.
dxe5 c6 9. Nd2 Nd7 10. Re1 Qc7 11. Nc4 b5 12. Bxd5 cxd5 13. Nd6+ Bxd6 14. Qxd5
O-O-O 15. exd6 exd5 16. dxc7 Rde8 17. Bf4 Re6 18. Rxe6 fxe6 19. a4 b4 20. Bd6
a5 21. c3 bxc3 22. bxc3 Nf6 23. Rb1 Kd7 24. Be5 Rc8 25. Rb5 Ne8 26. Rxa5 g6 27.
f4 Nd6 28. Bxd6 Kxd6 29. Ra6+ Kd7 30. Ra7 Rxc7 31. Rxc7+ Kxc7 32. Kf2 Kb6 33.
Ke3 Ka5 34. Kd4 Kxa4 35. Ke5 1-0

[Event "XXXVI C.to Italiano a squadre A1 Finali"]
[Site "Penne ITA"]
[Date "2004.05.15"]
[Round "1"]
[White "Lapiccirella, Mattia"]
[Black "Belotti, Bruno"]
[Result "1/2-1/2"]
[WhiteElo "2191"]
[BlackElo "2407"]
[PlyCount "38"]
[EventDate "2004.05.15"]

1. d4 Nf6 2. c4 e6 3. Nf3 b6 4. g3 Bb7 5. Bg2 Be7 6. O-O O-O 7. Nc3 Ne4 8. Qc2
Nxc3 9. Qxc3 Bf6 10. b3 c5 11. Bb2 d5 12. Qc2 Na6 13. dxc5 Nxc5 14. Rfd1 Qe7
15. cxd5 Bxd5 16. Bxf6 Qxf6 17. Nd4 Bxg2 18. Kxg2 Rfd8 19. Nf3 a5 1/2-1/2

[Event "XXXVI C.to Italiano a squadre A1 Finali"]
[Site "Penne ITA"]
[Date "2004.05.15"]
[Round "1"]
[White "Mazzilli, Piero"]
[Black "Braga, Fernando Alberto"]
[Result "0-1"]
[WhiteElo "2304"]
[BlackElo "2443"]
[PlyCount "70"]
[EventDate "2004.05.15"]

1. d4 Nf6 2. Nc3 d6 3. e4 Nbd7 4. f4 c6 5. e5 Nd5 6. Nxd5 cxd5 7. Nf3 Nb6 8.
Bd3 g6 9. O-O Bg7 10. Qe1 Bf5 11. Bxf5 gxf5 12. e6 fxe6 13. Ng5 Bxd4+ 14. Kh1
Bf6 15. Nxe6 Qc8 16. Qe2 Kd7 17. Re1 Qc4 18. Qf2 Rhg8 19. c3 Rg6 20. Be3 Bxc3
21. Rec1 Rxe6 22. Rxc3 Qe4 23. Bxb6 axb6 24. Rac1 Rg8 25. Rc7+ Ke8 26. Rxb7 Kf7
27. Rxb6 Rg4 28. Rg1 Reg6 29. Rb5 Rxf4 30. Qd2 d4 31. Re1 Qe3 32. Qb4 Qe2 33.
Qb3+ Kf6 34. Rg1 Rxg2 35. Rxg2 Rf1+ 0-1

[Event "XXXVI C.to Italiano a squadre A1 Finali"]
[Site "Penne ITA"]
[Date "2004.05.16"]
[Round "2"]
[White "Belotti, Bruno"]
[Black "Braga, Fernando Alberto"]
[Result "1-0"]
[WhiteElo "2407"]
[BlackElo "2443"]
[PlyCount "59"]
[EventDate "2004.05.15"]

1. c4 e6 2. Nc3 d5 3. d4 c6 4. e3 Nd7 5. Qc2 Ngf6 6. Nf3 Bd6 7. Be2 dxc4 8.
Bxc4 O-O 9. O-O Qe7 10. a3 b5 11. Be2 Bb7 12. Bd2 a6 13. b4 e5 14. Ng5 Rad8 15.
Nce4 Nxe4 16. Nxe4 exd4 17. exd4 Nf6 18. Bf3 Nxe4 19. Bxe4 Bxh2+ 20. Kxh2 Rxd4
21. Bxh7+ Kh8 22. Kg1 Qd6 23. Be3 Rh4 24. f4 Re8 25. Be4 Qh6 26. g3 Rh3 27. Bf2
Re6 28. Rad1 Re8 29. Bg2 Rh2 30. Qc5 1-0

[Event "XXXVI C.to Italiano a squadre A1 Finali"]
[Site "Penne ITA"]
[Date "2004.05.16"]
[Round "2"]
[White "Bruno, Fabio"]
[Black "Borgo, Giulio"]
[Result "1/2-1/2"]
[WhiteElo "2331"]
[BlackElo "2414"]
[PlyCount "132"]
[EventDate "2004.05.15"]

1. d4 d5 2. Nf3 Nf6 3. e3 c5 4. c3 Nbd7 5. Nbd2 g6 6. b4 b6 7. Bb2 Bg7 8. a3
O-O 9. c4 cxd4 10. Bxd4 Bb7 11. Qb3 e5 12. Nxe5 Nxe5 13. Bxe5 Re8 14. Bd4 Ng4
15. Bxg7 d4 16. O-O-O Kxg7 17. Nf3 Nxf2 18. Rxd4 Qf6 19. Rg1 Nh3 20. gxh3 Bxf3
21. Rg3 a5 22. b5 Rad8 23. Qc3 Bh5 24. Kb2 Rxe3 25. Rd3 Rdxd3 26. Qxf6+ Kxf6
27. Bxd3 Bf3 28. Kc3 Ke5 29. c5 bxc5 30. b6 Kf4 31. Kc4 Bb7 32. Kxc5 Re6 33.
Bc4 Re5+ 34. Kd6 f5 35. Bg8 Re2 36. Bxh7 Rxh2 37. Rc3 g5 38. Kc7 Bg2 39. b7
Bxb7 40. Kxb7 g4 41. Bxf5 g3 42. Be4 Rxh3 43. Bg2 Rh2 44. Rc2 Ke3 45. a4 Kd3
46. Ra2 Kc4 47. Ka6 Kb4 48. Kb6 Kb3 49. Bd5+ Kb4 50. Ra1 g2 51. Rg1 Kxa4 52.
Kc5 Ka3 53. Bxg2 a4 54. Bd5 Kb2 55. Rg3 Rh4 56. Bc4 Kc2 57. Re3 Kd2 58. Re8 Rh3
59. Re2+ Kc3 60. Ra2 Rh5+ 61. Bd5 Rxd5+ 62. Kxd5 Kb3 63. Rh2 a3 64. Rh3+ Kb2
65. Kc4 a2 66. Rh2+ Ka3 1/2-1/2

[Event "XXXVI C.to Italiano a squadre A1 Finali"]
[Site "Penne ITA"]
[Date "2004.05.16"]
[Round "2"]
[White "Chilese, Carlo"]
[Black "Ferro, Mario"]
[Result "1/2-1/2"]
[WhiteElo "2062"]
[BlackElo "2212"]
[PlyCount "108"]
[EventDate "2004.05.15"]

1. d4 Nf6 2. Nf3 e6 3. Bf4 c5 4. e3 Qb6 5. Qc1 Nc6 6. c3 d5 7. Bd3 Be7 8. Ne5
Nh5 9. Nxc6 Nxf4 10. exf4 Qxc6 11. dxc5 Qxc5 12. O-O O-O 13. Nd2 Bf6 14. Nf3
Bd7 15. Re1 Bb5 16. Qd2 Bxd3 17. Qxd3 Qc4 18. Qxc4 dxc4 19. Ne5 Bxe5 20. fxe5
Rfd8 21. Red1 g5 22. Kf1 Kg7 23. Ke2 Kg6 24. g4 h5 25. h3 hxg4 26. hxg4 f6 27.
exf6 Kxf6 28. Rxd8 Rxd8 29. Rh1 Rd6 30. Rh6+ Kg7 31. Rh1 Rb6 32. Rd1 Kf6 33.
Kf3 Rd6 34. Rh1 Kg7 35. Re1 Rb6 36. Re2 Kf6 37. Ke4 Ra6 38. a3 Rd6 39. f4 Rd1
40. fxg5+ Kxg5 41. Ke5 b5 42. Kxe6 Kxg4 43. Re5 a6 44. a4 bxa4 45. Ra5 Ra1 46.
Rxa6 Kf3 47. Kd5 Ke3 48. Kxc4 Kd2 49. Kb4 Rb1 50. Rd6+ Kc2 51. Kxa4 Rxb2 52. c4
Kc3 53. Rc6 Rb4+ 54. Ka5 Rxc4 1/2-1/2

[Event "XXXVI C.to Italiano a squadre A1 Finali"]
[Site "Penne ITA"]
[Date "2004.05.16"]
[Round "2"]
[White "Efimov, Igor"]
[Black "Trabattoni, Franco"]
[Result "1-0"]
[WhiteElo "2496"]
[BlackElo "2353"]
[PlyCount "120"]
[EventDate "2004.05.15"]

1. d4 Nf6 2. c4 e6 3. Nf3 b6 4. Nc3 Bb4 5. Bg5 Bb7 6. e3 h6 7. Bh4 O-O 8. Bd3
d6 9. O-O Bxc3 10. bxc3 Nbd7 11. Nd2 e5 12. Bf5 Qe8 13. Qe2 g6 14. Bc2 Nh7 15.
e4 g5 16. Bg3 Ndf6 17. c5 bxc5 18. dxc5 dxc5 19. Rab1 Bc6 20. Qc4 Nd7 21. Nb3
a6 22. Qe2 Bb5 23. c4 Ba4 24. Rfd1 Nhf6 25. h4 Qe6 26. hxg5 hxg5 27. Qe3 Qg4
28. Rd2 Rae8 29. Re1 Bxb3 30. Bxb3 Qh5 31. f3 Qg6 32. Red1 Nh5 33. Bh2 Ndf6 34.
Ba4 g4 35. Bxe8 g3 36. Bxg3 Nxg3 37. Bd7 Nxd7 38. Rxd7 Qh5 39. Rd8 Qh1+ 40. Kf2
Qh4 41. Rxf8+ Kxf8 42. Qxc5+ Kg8 43. Ke3 Qg5+ 44. Kd3 Nh5 45. Kc3 Nf4 46. Qxc7
Ne6 47. Qb8+ Kg7 48. Qb2 Qe3+ 49. Rd3 Qe1+ 50. Qd2 Qa1+ 51. Kb4 Qg1 52. Rd5
Qb6+ 53. Ka3 f6 54. Qb4 Qe3+ 55. Ka4 Kg6 56. Ka5 Qf2 57. Qd2 Qa7 58. Qb2 Nd4
59. Qb6 Qe7 60. Qd6 60... Qf7 $139 1-0

[Event "XXXVI C.to Italiano a squadre A1 Finali"]
[Site "Penne ITA"]
[Date "2004.05.16"]
[Round "2"]
[White "Garcia Palermo, Carlos Horacio"]
[Black "Godena, Michele"]
[Result "0-1"]
[WhiteElo "2444"]
[BlackElo "2533"]
[PlyCount "108"]
[EventDate "2004.05.15"]

1. d4 d5 2. Nf3 Nf6 3. Bg5 Ne4 4. Bh4 Qd6 5. Nbd2 Qh6 6. Qc1 Nc6 7. c3 Qh5 8.
Nxe4 dxe4 9. Qg5 Qxg5 10. Nxg5 h6 11. Nh3 e5 12. e3 Bxh3 13. gxh3 f5 14. d5 Nb8
15. Bb5+ Nd7 16. Bg3 Bd6 17. f3 exf3 18. e4 fxe4 19. Kd2 O-O-O 20. Bxd7+ Rxd7
21. Ke3 g5 22. Kxe4 Rf7 23. Rhf1 Rhf8 24. Rae1 h5 25. Kd3 f2 26. Re4 h4 27.
Bxe5 Rf3+ 28. Ke2 Rxh3 29. Bxd6 cxd6 30. Rg4 Re8+ 31. Kd2 Rxh2 32. Rxg5 Re1 33.
Rxf2 Rxf2+ 34. Kxe1 Rxb2 35. Rh5 Rh2 36. a4 a5 37. Rh8+ Kc7 38. Rh7+ Kb6 39.
Rd7 h3 40. Rxd6+ Kc5 41. Rh6 Kxd5 42. Rh4 Kc5 43. Kd1 b6 44. Kc1 Kd5 45. Kd1
Kc5 46. Ke1 Rh1+ 47. Kf2 h2 48. Kg2 Rc1 49. Kxh2 Rxc3 50. Rh6 Rb3 51. Kg2 Rb4
52. Kf3 Kd5 53. Ke3 Kc5 54. Rh5+ Kc6 0-1

[Event "XXXVI C.to Italiano a squadre A1 Finali"]
[Site "Penne ITA"]
[Date "2004.05.16"]
[Round "2"]
[White "Huebner, Robert"]
[Black "Kotronias, Vasilios"]
[Result "1/2-1/2"]
[WhiteElo "2603"]
[BlackElo "2607"]
[PlyCount "52"]
[EventDate "2004.05.15"]

1. d4 Nf6 2. Nf3 g6 3. g3 Bg7 4. Bg2 O-O 5. O-O d6 6. Nbd2 Nbd7 7. e4 e5 8.
dxe5 Nxe5 9. Nxe5 dxe5 10. Nc4 Qe7 11. b3 Rd8 12. Qe2 b6 13. Ba3 Qe6 14. Nb2
Bf8 15. Bxf8 Rxf8 16. Rfd1 Bb7 17. Qc4 Qe7 18. Rd2 Rad8 19. Rxd8 Rxd8 20. Rd1
Rxd1+ 21. Nxd1 Qd6 22. Ne3 Kg7 23. f3 Qd2 24. Nf1 Qd6 25. Ne3 Qd2 26. Nf1 Qd6
1/2-1/2

[Event "XXXVI C.to Italiano a squadre A1 Finali"]
[Site "Penne ITA"]
[Date "2004.05.16"]
[Round "2"]
[White "Lapiccirella, Mattia"]
[Black "Sarno, Spartaco"]
[Result "0-1"]
[WhiteElo "2191"]
[BlackElo "2401"]
[PlyCount "108"]
[EventDate "2004.05.15"]

1. d4 Nf6 2. c4 g6 3. Nc3 Bg7 4. e4 d6 5. Be2 O-O 6. Nf3 e5 7. d5 a5 8. Bg5 h6
9. Bh4 Na6 10. Nd2 Qe8 11. O-O Bd7 12. b3 Nh7 13. a3 h5 14. f3 Bh6 15. Kh1 Be3
16. Rb1 Bc5 17. Qc1 c6 18. Bf2 Bxf2 19. Rxf2 c5 20. Na2 Qe7 21. Qc3 Nc7 22. Nc1
b5 23. b4 axb4 24. axb4 cxb4 25. Qxb4 Rfb8 26. Nd3 Na6 27. Qc3 Nf8 28. Rff1 Rc8
29. Nb4 bxc4 30. Nxa6 Rxa6 31. Nxc4 Ra2 32. Rb2 Rxb2 33. Qxb2 Rc5 34. Qb7 h4
35. Rb1 h3 36. g3 Qf6 37. Qa7 Bb5 38. Rxb5 Rxc4 39. Rb1 Rc3 40. Rg1 Nd7 41.
Qa8+ Kg7 42. Qa1 Rc2 43. Qe1 Nc5 44. Bd1 Ra2 45. Qe3 Ra7 46. Re1 Rb7 47. Qe2
Qg5 48. Qf1 Qd2 49. Qe2 Rb2 50. Qxd2 Rxd2 51. Be2 Nb3 52. Kg1 Nd4 53. Kf2 f5
54. Ke3 54... Ra2 $138 0-1

[Event "XXXVI C.to Italiano a squadre A1 Finali"]
[Site "Penne ITA"]
[Date "2004.05.16"]
[Round "2"]
[White "Mazzilli, Piero"]
[Black "Mariani, Claudio"]
[Result "1-0"]
[WhiteElo "2304"]
[BlackElo "2158"]
[PlyCount "53"]
[EventDate "2004.05.15"]

1. d4 Nf6 2. Nc3 d5 3. Bg5 e6 4. e4 dxe4 5. Nxe4 Be7 6. Bxf6 Bxf6 7. Nf3 Nd7 8.
Bd3 O-O 9. Qe2 c5 10. O-O-O cxd4 11. h4 Qa5 12. Kb1 b6 13. Nfg5 h6 14. Nxf6+
Nxf6 15. Nh7 Nxh7 16. Bxh7+ Kxh7 17. Qe4+ Kg8 18. Qxa8 e5 19. Qe4 Be6 20. b3
Rc8 21. Rhe1 Qc3 22. Re2 Rc5 23. f4 f6 24. Rd3 Qb4 25. fxe5 Qa3 26. Rxd4 Rc3
27. Rd8+ 1-0

[Event "VIII Festival A"]
[Site "Salsomaggiore Terme ITA"]
[Date "2004.05.14"]
[Round "1"]
[White "Ambrosi, Eleonora"]
[Black "Marson, Luca"]
[Result "1/2-1/2"]
[WhiteElo "2118"]
[BlackElo "1868"]
[PlyCount "103"]
[EventDate "2004.05.14"]

1. e4 c5 2. Nf3 Nc6 3. Bb5 g6 4. O-O Bg7 5. Re1 e6 6. c3 Nge7 7. d3 O-O 8. Bxc6
Nxc6 9. Be3 b6 10. d4 cxd4 11. cxd4 d5 12. e5 f6 13. exf6 Qxf6 14. Nc3 Bb7 15.
Bg5 Qf7 16. Nb5 Qd7 17. Qd2 a6 18. Nc3 Qd6 19. Rad1 Rae8 20. Bh4 Rf5 21. Bg3
Qd8 22. Ne5 Nxe5 23. dxe5 Qe7 24. h3 Ba8 25. Qd4 Qb7 26. Na4 Rb8 27. Re2 Qc6
28. f3 Bf8 29. Bf2 b5 30. Nc5 Bxc5 31. Qxc5 Qxc5 32. Bxc5 Rc8 33. b4 Rf4 34.
Kf2 Rc4 35. Rd3 Bb7 36. g3 Rc7 37. Ke3 Rf7 38. Rf2 Kg7 39. a3 Kg8 40. Bd4 Rfc7
41. f4 h5 42. Kf3 Rc2 43. Rxc2 Rxc2 44. Ke3 Rc4 45. Rd2 Kf7 46. g4 hxg4 47.
hxg4 Bc8 48. Rh2 Kg8 49. Rg2 Kf7 50. Rh2 Kg8 51. Rg2 Kf7 52. Rh2 1/2-1/2

[Event "VIII Festival A"]
[Site "Salsomaggiore Terme ITA"]
[Date "2004.05.14"]
[Round "1"]
[White "Annoni, Riccardo"]
[Black "Traversi, Carlo"]
[Result "1-0"]
[WhiteElo "2094"]
[BlackElo "1828"]
[PlyCount "41"]
[EventDate "2004.05.14"]

1. e4 Nc6 2. d4 e5 3. d5 Nce7 4. c4 f5 5. exf5 Nxf5 6. Bd3 d6 7. Nf3 Nf6 8. Qc2
Qd7 9. Nc3 Be7 10. Bg5 h6 11. Bxf6 Bxf6 12. O-O-O O-O 13. Nb5 Ne7 14. Qe2 a6
15. Nc3 Qg4 16. h3 Bg5+ 17. Kb1 Qxg2 18. Be4 Bh4 19. Rh2 Qxh2 20. Nxh2 Rxf2 21.
Qh5 1-0

[Event "VIII Festival A"]
[Site "Salsomaggiore Terme ITA"]
[Date "2004.05.14"]
[Round "1"]
[White "Bavosi, Mariano"]
[Black "Scuderi, David"]
[Result "0-1"]
[WhiteElo "1547"]
[BlackElo "2059"]
[PlyCount "53"]
[EventDate "2004.05.14"]

1. e4 e6 2. d4 d5 3. Nd2 Nf6 4. e5 Nfd7 5. c4 c5 6. Ngf3 cxd4 7. Nxd4 Nxe5 8.
cxd5 Qxd5 9. N2b3 Nbc6 10. Be3 Bb4+ 11. Bd2 Nxd4 12. Bxb4 Qe4+ 13. Be2 Nxe2 14.
Qxe2 Qxb4+ 15. Nd2 Ng6 16. O-O Bd7 17. a4 O-O 18. Rfc1 Bc6 19. b3 Rad8 20. Rc2
Nf4 21. Qc4 Qxc4 22. Nxc4 Nxg2 23. Ne5 Nf4 24. Nxc6 bxc6 25. Rxc6 Rd2 26. Rc7
Rfd8 27. Rcc1 0-1

[Event "VIII Festival A"]
[Site "Salsomaggiore Terme ITA"]
[Date "2004.05.14"]
[Round "1"]
[White "Bini, Lorenzo"]
[Black "Vezzosi, Paolo"]
[Result "0-1"]
[WhiteElo "2036"]
[BlackElo "2360"]
[PlyCount "100"]
[EventDate "2004.05.14"]

1. f4 g6 2. Nf3 d5 3. g3 Bg7 4. Bg2 c5 5. c3 Nf6 6. d3 O-O 7. Be3 d4 8. Bg1 Nc6
9. h3 Nh5 10. Bf2 e5 11. fxe5 Nxe5 12. O-O Nc6 13. Qc1 Qd6 14. Kh2 Re8 15. Re1
Ne7 16. Nbd2 Nf5 17. Ne4 Rxe4 18. dxe4 Nfxg3 19. e5 Bxe5 20. Nxe5 Qxe5 21. Kg1
Bf5 22. cxd4 cxd4 23. Qc4 Rc8 24. Bxd4 Qe8 25. Qb4 Nxe2+ 26. Kh2 Nhf4 27. Qd6
Qd8 28. Qxd8+ Rxd8 29. Be3 Rd3 30. Bxf4 Nxf4 31. Rad1 Nxg2 32. Re8+ Kg7 33.
Rxd3 Bxd3 34. Kxg2 Bb5 35. Re7 h6 36. Kg3 Bc6 37. a3 Kf6 38. Re2 g5 39. h4 Kg6
40. Rf2 f5 41. hxg5 hxg5 42. b4 f4+ 43. Kg4 Bd7+ 44. Kf3 Kf5 45. Rd2 g4+ 46.
Kf2 g3+ 47. Kg1 Bc6 48. Rd8 f3 49. Rf8+ Ke5 50. Rg8 f2+ 0-1

[Event "VIII Festival A"]
[Site "Salsomaggiore Terme ITA"]
[Date "2004.05.14"]
[Round "1"]
[White "Bocchicchio, Gaetano"]
[Black "Gilardone, Adriano"]
[Result "1-0"]
[WhiteElo "2187"]
[BlackElo "1931"]
[PlyCount "101"]
[EventDate "2004.05.14"]

1. d4 Nf6 2. Nc3 d5 3. Bg5 Bf5 4. f3 Bg6 5. Nh3 h6 6. Bxf6 exf6 7. Nf4 Bb4 8.
Nxg6 fxg6 9. Qd3 Kf7 10. e4 Re8 11. O-O-O c6 12. Nxd5 cxd5 13. Qb5 Bf8 14.
Qxb7+ Qd7 15. Ba6 Rd8 16. Qxa8 Nxa6 17. Qxd5+ Qxd5 18. exd5 Rxd5 19. c4 Rd7 20.
Kb1 Nb4 21. Rd2 Nc6 22. Rhd1 Bb4 23. Rd3 Bd6 24. c5 Bc7 25. d5 Nb4 26. c6 Nxd3
27. cxd7 Ne5 28. d6 Bd8 29. Rc1 Ke6 30. Rc8 Kxd7 31. Rb8 Bb6 32. Rb7+ Kxd6 33.
Rxg7 Bd4 34. b4 Ke6 35. Kc2 f5 36. a4 Kf6 37. Rb7 f4 38. a5 g5 39. Kb3 h5 40.
b5 g4 41. a6 gxf3 42. gxf3 Nxf3 43. b6 Nd2+ 44. Kc2 f3 45. bxa7 f2 46. a8=Q
f1=Q 47. Qf8+ Kg5 48. Qg7+ Kf5 49. Rf7+ Ke4 50. Rxf1 Nxf1 51. Qg2+ 1-0

[Event "VIII Festival A"]
[Site "Salsomaggiore Terme ITA"]
[Date "2004.05.14"]
[Round "1"]
[White "Bocci, Alessandro"]
[Black "Tamburini, Lorenzo"]
[Result "0-1"]
[WhiteElo "1781"]
[BlackElo "2084"]
[PlyCount "96"]
[EventDate "2004.05.14"]

1. d4 Nf6 2. Nf3 e6 3. c4 b6 4. Nc3 Bb7 5. Bg5 Be7 6. e3 h6 7. Bh4 Ne4 8. Bxe7
Qxe7 9. Qc2 Nxc3 10. Qxc3 O-O 11. Be2 d6 12. O-O Nd7 13. b4 c5 14. bxc5 bxc5
15. Rab1 cxd4 16. exd4 Be4 17. Rb3 Rac8 18. Nd2 Ba8 19. a4 Nb6 20. a5 Qg5 21.
Nf3 Bxf3 22. Bxf3 Nxc4 23. Bb7 Rc7 24. Rc1 Nxa5 25. Qxc7 Nxb3 26. Rd1 Qd8 27.
Qc3 Qb6 28. Be4 a5 29. Bc2 a4 30. Qd3 g6 31. h4 h5 32. g4 Qa5 33. d5 Qxd5 34.
Qxd5 exd5 35. gxh5 Rc8 36. Bxb3 axb3 37. Rb1 Rc3 38. hxg6 fxg6 39. Kg2 Kg7 40.
f3 Kf6 41. Kg3 Kf5 42. Rb2 d4 43. Rd2 d3 44. Rb2 Ke5 45. Kg4 Kd4 46. Kf4 Kc4
47. Ke4 d5+ 48. Ke3 Rc2 0-1

[Event "VIII Festival A"]
[Site "Salsomaggiore Terme ITA"]
[Date "2004.05.14"]
[Round "1"]
[White "Bonugli, Carlo"]
[Black "Cenci, Federico"]
[Result "1/2-1/2"]
[WhiteElo "2067"]
[BlackElo "1649"]
[PlyCount "44"]
[EventDate "2004.05.14"]

1. e4 Nf6 2. e5 Nd5 3. d4 d6 4. c4 Nb6 5. exd6 cxd6 6. Nc3 g6 7. Nf3 Bg7 8. Be2
O-O 9. O-O Bg4 10. Be3 Nc6 11. b3 e6 12. Rc1 d5 13. c5 Bxf3 14. Bxf3 Nc8 15. b4
Nxb4 16. Qb3 Qa5 17. Rfd1 Nc6 18. Qxb7 N8e7 19. Bf4 Rab8 20. Bxb8 Rxb8 21. Qd7
Rd8 22. Qb7 Rb8 1/2-1/2

[Event "VIII Festival A"]
[Site "Salsomaggiore Terme ITA"]
[Date "2004.05.14"]
[Round "1"]
[White "Brancaleoni, Maurizio"]
[Black "Aceto, Lorenzo"]
[Result "1/2-1/2"]
[WhiteElo "2296"]
[BlackElo "2020"]
[PlyCount "35"]
[EventDate "2004.05.14"]

1. d4 Nf6 2. Bg5 Ne4 3. Bf4 c5 4. f3 Nf6 5. d5 d6 6. e4 g6 7. Bd3 Bg7 8. c3 O-O
9. Ne2 e6 10. dxe6 Bxe6 11. Nd2 d5 12. O-O Nc6 13. Kh1 c4 14. Bc2 b5 15. Be3 b4
16. Nd4 Nxd4 17. Bxd4 a5 18. f4 1/2-1/2

[Event "VIII Festival A"]
[Site "Salsomaggiore Terme ITA"]
[Date "2004.05.14"]
[Round "1"]
[White "Carzolio, Luigi"]
[Black "Miladinovic, Igor"]
[Result "0-1"]
[WhiteElo "2037"]
[BlackElo "2614"]
[PlyCount "36"]
[EventDate "2004.05.14"]

1. d4 d5 2. Nf3 Bf5 3. e3 e6 4. c4 Nc6 5. Qb3 a6 6. Nc3 Nb4 7. c5 a5 8. g4 Bc2
9. Qa3 c6 10. Be2 b6 11. Na4 Be4 12. Qc3 Nc2+ 13. Kf1 b5 14. Nb6 Nxa1 15. Nxa8
Qxa8 16. Bd1 Nc2 17. a3 b4 18. Qb3 a4 0-1

[Event "VIII Festival A"]
[Site "Salsomaggiore Terme ITA"]
[Date "2004.05.14"]
[Round "1"]
[White "Castellano, Alfonso"]
[Black "Giretti Kanev, Jasen"]
[Result "0-1"]
[WhiteElo "1922"]
[BlackElo "2153"]
[PlyCount "46"]
[EventDate "2004.05.14"]

1. c4 e5 2. g3 d5 3. Bg2 d4 4. d3 Nc6 5. Nf3 f5 6. O-O Nf6 7. Na3 Bc5 8. Nc2
O-O 9. a3 a5 10. b3 h6 11. h4 e4 12. Nh2 Be6 13. Bd2 e3 14. Be1 f4 15. fxe3
fxe3 16. b4 Be7 17. Qc1 Ne5 18. Nxe3 dxe3 19. Qxe3 Nfg4 20. Nxg4 Rxf1+ 21. Bxf1
Bxg4 22. Qxe5 Bf6 23. Qf4 Qd4+ 0-1

[Event "VIII Festival A"]
[Site "Salsomaggiore Terme ITA"]
[Date "2004.05.14"]
[Round "1"]
[White "Cottarelli, Franco"]
[Black "Barletta, Mauro"]
[Result "0-1"]
[WhiteElo "1942"]
[BlackElo "2245"]
[PlyCount "62"]
[EventDate "2004.05.14"]

1. e4 e5 2. Nf3 Nf6 3. Nxe5 d6 4. Nf3 Nxe4 5. Qe2 Qe7 6. d3 Nf6 7. Bg5 Nbd7 8.
Nc3 Qxe2+ 9. Bxe2 h6 10. Bh4 g6 11. Nb5 Nd5 12. Bg3 a6 13. Nbd4 Bg7 14. c3 O-O
15. O-O Re8 16. Rfe1 N7b6 17. a4 Bd7 18. a5 Na4 19. Rab1 c5 20. Nc2 Re6 21. d4
Rae8 22. Bc4 Rxe1+ 23. Nfxe1 Bc6 24. Bxd5 Bxd5 25. Ne3 Be4 26. Ra1 Nxb2 27.
Bxd6 cxd4 28. cxd4 Bxd4 29. N1c2 Bg7 30. f3 Bxc2 31. Nxc2 Nc4 0-1

[Event "VIII Festival A"]
[Site "Salsomaggiore Terme ITA"]
[Date "2004.05.14"]
[Round "1"]
[White "Dallaglio, Giovanni"]
[Black "Gromovs, Sergejs"]
[Result "0-1"]
[WhiteElo "2019"]
[BlackElo "2291"]
[PlyCount "48"]
[EventDate "2004.05.14"]

1. d4 d5 2. Nf3 Bf5 3. c4 e6 4. Nc3 Nc6 5. a3 Nf6 6. Bg5 Be7 7. e3 O-O 8. Bd3
dxc4 9. Bxc4 Ne4 10. Bxe7 Qxe7 11. O-O Rad8 12. Qe2 Qf6 13. h3 Nxc3 14. bxc3 e5
15. e4 Bc8 16. d5 Ne7 17. Qe3 Ng6 18. Qg5 Qd6 19. g4 Qc5 20. Nd2 b5 21. Bxb5
Qxb5 22. Qe3 Qb6 23. c4 Nf4 24. c5 Qh6 0-1

[Event "VIII Festival A"]
[Site "Salsomaggiore Terme ITA"]
[Date "2004.05.14"]
[Round "1"]
[White "Di Paolo, Raffaele"]
[Black "Tomasi, Diego"]
[Result "1-0"]
[WhiteElo "2349"]
[BlackElo "2033"]
[PlyCount "69"]
[EventDate "2004.05.14"]

1. e4 d6 2. d4 Nf6 3. Nc3 g6 4. Nf3 Bg7 5. h3 c6 6. a4 O-O 7. Be3 Nbd7 8. a5 e5
9. dxe5 dxe5 10. Bc4 Qe7 11. O-O Rd8 12. Ng5 Nf8 13. Qb1 Be6 14. Qa2 Bxc4 15.
Qxc4 h6 16. Nf3 Qe6 17. Qxe6 Nxe6 18. a6 bxa6 19. Nxe5 c5 20. Nc6 Rd7 21. e5
Ne8 22. Rfd1 Rb7 23. b3 Bf8 24. Nd5 h5 25. Rxa6 N6c7 26. Nxc7 Nxc7 27. Ra4 Nb5
28. Rda1 Rc7 29. Ra6 Rd7 30. e6 fxe6 31. Ne5 Rdd8 32. Rxe6 Re8 33. Rxe8 Rxe8
34. Nxg6 Bg7 35. Ra5 1-0

[Event "VIII Festival A"]
[Site "Salsomaggiore Terme ITA"]
[Date "2004.05.14"]
[Round "1"]
[White "Dvirnyy, Danyyil"]
[Black "Napoli, Nicolo'"]
[Result "0-1"]
[WhiteElo "1868"]
[BlackElo "2127"]
[PlyCount "56"]
[EventDate "2004.05.14"]

1. e4 g6 2. d4 Bg7 3. Nc3 c6 4. Be3 d5 5. f3 dxe4 6. fxe4 Nf6 7. Bc4 b5 8. Bb3
b4 9. e5 Ng4 10. Qf3 Nxe3 11. Qxf7+ Kd7 12. Qxg7 Qf8 13. e6+ Kd8 14. Qxf8+ Rxf8
15. Kd2 Nf1+ 16. Ke2 Ba6+ 17. Kd1 bxc3 18. bxc3 Ne3+ 19. Kd2 Nxg2 20. Nh3 h6
21. Rhg1 Nh4 22. Rg3 Bf1 23. d5 a5 24. Rb1 Kc7 25. a3 a4 26. Ba2 Na6 27. c4 Nc5
28. Re3 Nf3+ 0-1

[Event "VIII Festival A"]
[Site "Salsomaggiore Terme ITA"]
[Date "2004.05.14"]
[Round "1"]
[White "Fattorelli, Luciano"]
[Black "Roversi, Stefano"]
[Result "1-0"]
[WhiteElo "2129"]
[BlackElo "1896"]
[PlyCount "51"]
[EventDate "2004.05.14"]

1. e4 c5 2. Nc3 Nc6 3. g3 d6 4. Bg2 Nf6 5. d3 e6 6. Nge2 Be7 7. O-O O-O 8. h3
Rb8 9. f4 a6 10. g4 Qc7 11. Be3 b5 12. Ng3 b4 13. Nce2 Bb7 14. f5 Ne5 15. Nf4
exf5 16. Nxf5 Rfe8 17. Qe1 Bf8 18. Qg3 g6 19. g5 Nxe4 20. dxe4 gxf5 21. Nh5 Bg7
22. Nf6+ Bxf6 23. gxf6+ Ng6 24. exf5 Rxe3 25. Qxe3 Bxg2 26. Qh6 1-0

[Event "VIII Festival A"]
[Site "Salsomaggiore Terme ITA"]
[Date "2004.05.14"]
[Round "1"]
[White "Ferretti, Folco"]
[Black "Ambrosi, Arcangelo"]
[Result "1-0"]
[WhiteElo "2288"]
[BlackElo "1975"]
[PlyCount "109"]
[EventDate "2004.05.14"]

1. e4 d5 2. exd5 Nf6 3. d4 Bg4 4. Nf3 Qxd5 5. Be2 Nc6 6. c4 Qh5 7. d5 O-O-O 8.
Qa4 Ne5 9. Nxe5 Qxe5 10. f3 Bf5 11. Qxa7 Bxb1 12. Rxb1 Nd7 13. Be3 e6 14. O-O
b6 15. c5 Qxe3+ 16. Rf2 Nxc5 17. Bb5 c6 18. Qa8+ Kd7 19. Qxc6+ Ke7 20. Qc7+ Kf6
21. Qxd8+ Kg6 22. dxe6 Ne4 23. Qd3 Qxf2+ 24. Kh1 Be7 25. Qxe4+ f5 26. Qb7 Kf6
27. Qd5 h5 28. f4 Rd8 29. Bd7 h4 30. Qf3 Qxf3 31. gxf3 Bd6 32. Rc1 Bxf4 33. Rc6
Rb8 34. Kg2 g5 35. a4 Ke7 36. h3 Bd2 37. Rc2 Bf4 38. b4 Bd6 39. Rc4 Bf4 40. Rd4
Be5 41. Rd5 Bd6 42. Rxf5 Bf4 43. Rb5 Kf6 44. a5 bxa5 45. Rxb8 Bxb8 46. bxa5 Ke7
47. Kf2 Ba7+ 48. Ke2 Kd8 49. Kd3 Bc5 50. Kc4 Be7 51. Kd5 Bb4 52. a6 Kc7 53. Bc6
Kb6 54. Bb7 Be7 55. Ke5 1-0